000 00236nam a2200097Ia 4500
005 20250424112848.0
008 250424s9999 xx 000 0 und d
300 _a191 p. :ill. ; 24 cm.
650 _aLaw--Africa--Periodicals.
942 _cSR
999 _c37565
_d37565